Медовые ночи: роман; пер. с англ.

Podrobná bibliografie
Hlavní autor: Браун С. Сандра
Shrnutí:Архитектор Скаут Ритланд отправляется на затерянный в Тихом океане остров Парриш, чтобы превратить его в райский уголок для туристов. Построив свой первый отель на острове, он дает званый вечер, на котором видит красивую женщину, одетую в струящееся белое платье. Незнакомка увлекает мужчину в гущу сада. Не подозревая, что хрупкая островитянка задумала с ним опасную игру, Скаут уверенно следует за ней в тень густых тропических деревьев...
Jazyk:ruština
Vydáno: Москва, Эксмо, 2014
Edice:Сандра Браун. Мировой мега-бестселлер
Témata:
Médium: MixedMaterials Kniha
KOHA link:https://koha.lib.tpu.ru/cgi-bin/koha/opac-detail.pl?biblionumber=256685

MARC

LEADER 00000nam0a2200000 4500
001 256685
005 20231101233133.0
010 |a 9785699693580 
035 |a (RuTPU)RU\TPU\book\279414 
090 |a 256685 
100 |a 20140410d2014 m y0rusy50 ca 
101 1 |a rus  |c eng 
102 |a RU 
105 |a y z 000ay 
200 1 |a Медовые ночи  |e роман  |e пер. с англ.  |f С. Браун 
210 |a Москва  |c Эксмо  |d 2014 
215 |a 221 с. 
225 1 |a Сандра Браун. Мировой мега-бестселлер 
330 |a Архитектор Скаут Ритланд отправляется на затерянный в Тихом океане остров Парриш, чтобы превратить его в райский уголок для туристов. Построив свой первый отель на острове, он дает званый вечер, на котором видит красивую женщину, одетую в струящееся белое платье. Незнакомка увлекает мужчину в гущу сада. Не подозревая, что хрупкая островитянка задумала с ним опасную игру, Скаут уверенно следует за ней в тень густых тропических деревьев... 
606 1 |a Американская литература  |2 stltpush  |3 (RuTPU)RU\TPU\subj\72261  |9 85825 
610 1 |a романы 
610 1 |a любовь 
610 1 |a приключения 
675 |a 82  |v 3 
700 1 |a Браун  |b С.  |g Сандра 
801 1 |a RU  |b 63413507  |c 20140410 
801 2 |a RU  |b 63413507  |c 20140707  |g RCR 
942 |c BK 
959 |a 68/20140410  |d 1  |e 210,10  |f ХФ:1